Geneza skał - Statystyki

Ogólne statystyki
  • Ten quiz został rozwiązany 8 razy
  • Średni wynik to 8 z 16
Statystyki odpowiedzi
Opis Nazwa Skały % Poprawnych
Skała magmowa, wylewna (powstała na skutek gwałtowanego krzepnięcia lawy na powierzchni/płytko pod ziemią, ma strukturę skrytokrystaliczną). Jest czarnej barwy Bazalt
86%
Skała osadowa (utworzona w procesie sedymentacji tj. osadzeniu na lądzie/morzu okruchów skalnych z wietrzenia skał lub na skutek rozkładu organizmów), okruchowa, luźna złożona z ziaren kwarcu Piasek
86%
Skała osadowa, okruchowa, w formie scementowanego piasku Piaskowiec
86%
Skała osadowa, pochodzenia organicznego (szczątki zwierząt), powstała na skutek nagromadzenia szkieletów muszli i skorupiaków Wapień
86%
Skała magmowa (krzepnięcie i krystalizowanie magmy wewnątrz ziemi), głębinowa (proces krystalizacji zaszedł pod ziemią i mają strukturę jawnokrystaliczną), wyróżnić w niej można kwarc, mikę i skaleń Granit
71%
Skała metamorficzna, powstała na skutek oddziaływania wysokiej temperatury na wapień Marmur
57%
Skała osadowa, pochodzenia chemicznego, opisana wzorem NaCl Sól kamienna
57%
Skała osadowa, pochodzenia chemicznego, w formie scementowanego żwiru Zlepieniec
57%
Skała osadowa, pochodzenia chemicznego (powstałe w płytkich zbiornikach wodnych na skutek intensywnego parowania), nazywana ,,różą pustyni" Gips
43%
Skała metamorficzna (powstająca w wyniku oddziaływania wysokiej temperatury i ciśnienia na istniejące już skały), jest to przeobrażony granit Gnejs
43%
Skała magmowa, wylewna, gdzie formowanie się kryształów rozpoczęło się wewnątrz skorupy ziemskiej Porfir
43%
Skała magmowa, głębinowa, gruboziarnista w której utworzyły się duże kryształy np. plagioklazy i pirokseny Gabro
29%
Skała osadowa, pochodzenia chemicznego, powstała z obumarłych roślin terenów bagiennych Węgiel kamienny
29%
Skała metamorficzna, powstająca w płaszczu ziemi Eklogit
14%
Skała osadowa, pochodzenia chemicznego, w formie zaokrąglonych okruchów skalnych i kwarcowych Żwir
14%
Skała metamorficzna, która może powstać na skutek zetknięcia się skał osadowych z intruzją magmową Hornfels
0%
Nie znaleziono quizów pasujących do podanych kryteriów
Rozkład punktacji
Procent ludzi z każdym wynikiem
Percentyl według liczby udzielonych odpowiedzi
Twoja historia wyników
Nie rozwiązałeś tego quizu